书目信息 |
| 题名: |
电工电子技术实验教程
|
|
| 作者: | 徐淑华主编 | |
| 分册: | ||
| 出版信息: | 济南 山东大学出版社 2005.04 |
|
| 页数: | 197页 | |
| 开本: | 26cm | |
| 丛书名: | ||
| 单 册: | ||
| 中图分类: | TM-33 | |
| 科图分类: | ||
| 主题词: | 电子技术-实验-高等学校 | |
| 电子资源: | ||
| ISBN: | 7-5607-2948-7 | |
| 000 | 00690nam0 2200217 45 | |
| 001 | 010460664127 | |
| 005 | 20070607092913.34 | |
| 010 | @a7-5607-2948-7@dCNY16.00 | |
| 100 | @a20061027d2005 ekmy0 y0120 ea | |
| 102 | @aCN@b370000 | |
| 105 | @ay z 000yy | |
| 200 | 1 | @a电工电子技术实验教程@f徐淑华主编 |
| 210 | @a济南@c山东大学出版社@d2005.04 | |
| 215 | @a197页@c图@d26cm | |
| 330 | @a本书主要是面向非电类专业的学生开设电子电工技术实验课使用的实验教材。内容包括:电路的基础理论、模拟电子技术、数字电子技术、电机与控制等。 | |
| 606 | 1 | @a电子技术-实验-高等学校 |
| 690 | @aTM-33@v4 | |
| 701 | 0 | @a徐淑华主编 |
| 801 | 0 | @aCN@c20070607 |
| 905 | @dTM-33@eX802 | |
| 906 | @dCNY16.00@n3@r1 | |
| 电工电子技术实验教程/徐淑华主编.-济南:山东大学出版社,2005.04 |
| 197页:图;26cm |
| ISBN 7-5607-2948-7:CNY16.00 |
| 本书主要是面向非电类专业的学生开设电子电工技术实验课使用的实验教材。内容包括:电路的基础理论、模拟电子技术、数字电子技术、电机与控制等。 |
| ● |
| 相关链接 |
|
|
|
正题名:电工电子技术实验教程
索取号:TM-33/X802
 
预约/预借
| 序号 | 登录号 | 条形码 | 馆藏地/架位号 | 状态 | 备注 |
| 1 | 230722 | 202307226 | 自科二线404/404自科库 16排5列5层/ [索取号:TM-33/X802] | 在馆 | |
| 2 | 230723 | 202307235 | 自科库301/301自科库 2排3列2层/ [索取号:TM-33/X802] | 在馆 | |
| 3 | 230724 | 202307244 | 自科库301/301自科库 2排3列2层/ [索取号:TM-33/X802] | 在馆 |